000 01236cab a2200385 4500
001 ABS46044
008 090401t1992 xxu||||| |||| 00| 0 eng d
035 _a(Sirsi) u56534
041 _aeng
245 _aM3/M27 corridor
260 _c1992
350 _a0
490 _aEstates Times
_v(1136) 27 March 1992, 13-32(18)
520 _aReviews the office, retail and industrial markets in towns bordering the M3/ M27 corridor including Sunbury, Blackwater Valley, Andover, Basingstoke, Winchester, Southampton and Portsmouth. Other features include a profile of City Estates, leisure developments and the controversial M3 extension over Twyford Down.
650 _aANDOVER
650 _aBASINGSTOKE
650 _aBLACKWATER VALLEY
650 _aCAMBERLEY
650 _aCITY ESTATES
650 _aEC DIRECTIVES
650 _aHAMPSHIRE
650 _aLEISURE
650 _aM27 CORRIDOR
650 _aM3 CORRIDOR
650 _aM3 EXTENSION
650 _aPORTSMOUTH
650 _aPROPERTY MARKET
650 _aSOUTHAMPTON
650 _aSUNBURY
650 _aTWYFORD DOWN
650 _aWINCHESTER
690 _aPROPERTY-COMMERCIAL PROPERTY-COMMERCIAL PROPERTY MARKET
942 _n0
948 _c04/03/1997
999 _c34483
_d34483